000 00773nam a2200265 a 4500
001 10452
003 BD-RjUL
005 20211208234945.0
008 140123s1958 nyua 001 0 eng
035 _a(BD-RjUL)10500
040 _aDLC/ICU
_cICU
_dBD-RjUL
_beng
041 _aeng
082 0 0 _a547.2
_bUNI 1958
100 1 _d1888-
_932290
245 1 0 _aUnit processes in organic synthesis /
_cPhilip Herkimer Groggins
250 _a5th ed.
260 _aNew York :
_bMcGraw-Hill,
_c1958.
300 _aix, 1070 p. :
_bill. ;
_c21 cm.
504 _aIncludes index.
650 0 _aOrganic compounds
_xSynthesis.
_915543
700 1 _aGroggins, P. H.
_932292
942 _2ddc
_cBK
999 _c10452
_d10452